Juicio de usucapión /
Acción declarativa de usucapión inmobiliaria. Usucapión opuesta como defensa frente a la reivindicación. Usucapión de muebles no registrables y registrables (automotores, buques). Usucapión de sepulcros
Guardado en:
| Autor Principal: | |
|---|---|
| Formato: | Desconocido |
| Idioma: | Spanish |
| Publicado: |
Buenos Aires :
Hammurabi,
1998.
|
| Edición: | 3a. ed. act. |
| Series: | Procesos civiles ;
2 |
| Materias: | |
| Etiquetas: |
Agregar Etiqueta
Sin Etiquetas, Sea el primero en etiquetar este registro!
|
| LEADER | 00747nac a22001935a 4500 | ||
|---|---|---|---|
| 001 | DER.der013846 | ||
| 008 | 190610i1998####ag#||||||||||||||#||spa|| | ||
| 005 | 20241216093807.0 | ||
| 245 | 1 | 0 | |a Juicio de usucapión / |c Beatriz Areán. |
| 250 | |a 3a. ed. act. | ||
| 260 | |a Buenos Aires : |b Hammurabi, |c 1998. | ||
| 300 | |a 410 p. | ||
| 440 | 0 | |a Procesos civiles ; |v 2 | |
| 520 | |a Acción declarativa de usucapión inmobiliaria. Usucapión opuesta como defensa frente a la reivindicación. Usucapión de muebles no registrables y registrables (automotores, buques). Usucapión de sepulcros | ||
| 020 | |a 9507410562 | ||
| 100 | 1 | |a Areán, Beatriz | |
| 700 | 1 | |a Morello, Augusto M., |e dir. | |
| 650 | 7 | |a DERECHOS REALES | |
| 859 | |a DERECHO |b BIB. DERECHO |h 346.2 |i ARE |p 008932 | ||
